<?xml version="1.0" encoding="UTF-8"?><?xml-stylesheet type="text/xsl" href="static/style.xsl"?><OAI-PMH xmlns="http://www.openarchives.org/OAI/2.0/" xmlns:xsi="http://www.w3.org/2001/XMLSchema-instance" xsi:schemaLocation="http://www.openarchives.org/OAI/2.0/ http://www.openarchives.org/OAI/2.0/OAI-PMH.xsd"><responseDate>2026-04-18T04:26:11Z</responseDate><request verb="GetRecord" identifier="oai:www.recercat.cat:10256/21618" metadataPrefix="marc">https://recercat.cat/oai/request</request><GetRecord><record><header><identifier>oai:recercat.cat:10256/21618</identifier><datestamp>2024-06-06T08:09:31Z</datestamp><setSpec>com_2072_452966</setSpec><setSpec>com_2072_2054</setSpec><setSpec>col_2072_452969</setSpec></header><metadata><record xmlns="http://www.loc.gov/MARC21/slim" xmlns:dcterms="http://purl.org/dc/terms/" xmlns:xsi="http://www.w3.org/2001/XMLSchema-instance" xmlns:doc="http://www.lyncode.com/xoai" xsi:schemaLocation="http://www.loc.gov/MARC21/slim http://www.loc.gov/standards/marcxml/schema/MARC21slim.xsd">
   <leader>00925njm 22002777a 4500</leader>
   <datafield ind2=" " ind1=" " tag="042">
      <subfield code="a">dc</subfield>
   </datafield>
   <datafield ind2=" " ind1=" " tag="720">
      <subfield code="a">Solés Salesa, Alexandre</subfield>
      <subfield code="e">author</subfield>
   </datafield>
   <datafield ind2=" " ind1=" " tag="260">
      <subfield code="c">2020-09</subfield>
   </datafield>
   <datafield ind2=" " ind1=" " tag="520">
      <subfield code="a">Degut a l’elevat nombre d’usuaris que assumeix l’actual biblioteca de Figueres, que no només dona servei a la ciutat sinó també als municipis propers, aquesta ha esdevingut petita i insuficient. El projecte parteix de la necessitat de la ciutat d'una segona biblioteca que esdevingui la central, agrupant varis dipòsits, documents i arxius escampats en diferents equipaments secundaris de la ciutat, a la vegada que dona el servei de biblioteca convencional.&#xd;
La proposta s'emplaça a l'antiga bòbila de Can Carreres, situada a l'extrem sud-est de la ciutat de Figueres. Un espai a menys de 10 minuts caminant del centre que es troba bastant infrautilitzat degut a la seva situació marginal a l'altre banda de les vies del tren.&#xd;
Així doncs, l’objecte del treball passa per una nova proposta que partirà del reacondiconament i nou ús de diversos edificis preexistents dins el sector de la bòbila així com la construcció d’un nou edifici que lligui tot el nou programa de la biblioteca. La proposta busca que la construcció d’aquest nou equipament serveixi com a dinamitzador de la zona a la vegada que ordeni tot el traçat urbà del sector.&#xd;
El projecte aprofundeix en la definició de l’entorn immediat del sector, la determinació d’una proposta de biblioteca central amb un de programa variat que doni resposta a les noves necessitats socials i culturals de la ciutat</subfield>
   </datafield>
   <datafield ind1="8" ind2=" " tag="024">
      <subfield code="a">http://hdl.handle.net/10256/21618</subfield>
   </datafield>
   <datafield tag="653" ind2=" " ind1=" ">
      <subfield code="a">Biblioteques -- Arquitectura -- Catalunya -- Figueres</subfield>
   </datafield>
   <datafield tag="653" ind2=" " ind1=" ">
      <subfield code="a">Biblioteques (Edificis)</subfield>
   </datafield>
   <datafield tag="653" ind2=" " ind1=" ">
      <subfield code="a">Biblioteques -- Utilització de l'espai -- Catalunya -- Figueres</subfield>
   </datafield>
   <datafield tag="653" ind2=" " ind1=" ">
      <subfield code="a">Library architecture -- Catalonia -- Figueres</subfield>
   </datafield>
   <datafield tag="653" ind2=" " ind1=" ">
      <subfield code="a">Library buildings</subfield>
   </datafield>
   <datafield tag="653" ind2=" " ind1=" ">
      <subfield code="a">Libraries - Space utilization -- Catalonia -- Figueres</subfield>
   </datafield>
   <datafield ind2="0" ind1="0" tag="245">
      <subfield code="a">Biblioteca de la bòbila: nou centre cultural a Figueres</subfield>
   </datafield>
</record></metadata></record></GetRecord></OAI-PMH>